000 00601nam a2200205 a 4500
001 BRCA_8231
005 20190320210203.0
008 220514s1921----gw-a###f##---#001-0#ger-#
041 _ager
044 _agw
050 4 _aN2267.3
_b.A97 1921
245 1 0 _aAufstellung alter wandmalereien
_baus dem Hessischen dens malarchir zu Darmstadt.
260 _aAlemania
_bDarmstadt
_c1921
300 _a19 p.
_bil., 16 láminas
_c25 cm.
500 _aT39
650 1 4 _aMurales
_vExposiciones
_zAlemania
_920526
650 1 4 _aPintura religiosa
_vExposiciones
_zAlemania
_920527
902 _aGFM
942 _2lcc
_cB
999 _c7899
_d7899